[Event "Corus-B"]
[Site "Wijk aan Zee"]
[Date "2002.01.16"]
[Round "2"]
[White "Nijboer, Friso"]
[Black "Tregubov, Pavel V"]
[Result "1/2-1/2"]
[WhiteElo "2574"]
[BlackElo "2626"]
[PlyCount "86"]
[EventDate "2002.01.15"]
[Source "ChessBase"]
[SourceDate "2002.03.21"]

1. e4 c5 2. Nf3 Nc6 3. d4 cxd4 4. Nxd4 e5 5. Nb5 d6 6. c4 Be7 7. N1c3 a6 8. Na3 f5 9. exf5 Bxf5 10. Bd3 Be6 11. Nc2 Nf6 12. O-O O-O 13. b3 Qd7 14. Bb2 Bd8 15. Ne4 Bb6 16. Ne3 Kh8 17. Ng5 Bg8 18. Qd2 Rad8 19. Rad1 Ng4 20. Nxg4 Qxg4 21. Be2 Qc8 22. h3 Qc7 23. Bd3 Qe7 24. Ne4 d5 25. cxd5 Bxd5 26. Qe2 Qh4 27. Bb1 Rf4 28. Rxd5 Rxd5 29. Bc1 Nd4 30. Qc4 Rc5 31. Qa4 Rc8 32. Bxf4 Qxf4 33. Qd7 Rf8 34. Qxb7 Ne2+ 35. Kh1 Bxf2 36. Bd3 Ng3+ 37. Nxg3 Qxg3 38. Qe4 g6 39. b4 Rf6 40. a4 Kg7 41. a5 Kh6 42. Qe2 Rf4 43. Bxa6 Be3 1/2-1/2

[Event "Hoogovens"]
[Site "Wijk aan Zee"]
[Date "1991.??.??"]
[Round "1"]
[White "Fedorowicz, John P"]
[Black "Salov, Valery"]
[Result "1/2-1/2"]
[WhiteElo "2555"]
[BlackElo "2645"]
[PlyCount "109"]
[EventDate "1991.01.??"]
[Source "ChessBase"]

1. e4 c5 2. Nf3 Nc6 3. d4 cxd4 4. Nxd4 e5 5. Nb5 d6 6. c4 Be7 7. N1c3 a6 8. Na3 Be6 9. Bd3 Bg5 10. O-O Bxc1 11. Rxc1 Nf6 12. Nc2 O-O 13. Qd2 Qb6 14. Kh1 Rac8 15. b3 Nd4 16. Ne3 Qa5 17. f4 exf4 18. Rxf4 Qg5 19. Rcf1 Nh5 20. R4f2 Nc6 21. Qe2 Qh6 22. Kg1 Rce8 23. Ncd5 Bxd5 24. Nf5 Qg6 25. cxd5 Ne5 26. Bc2 Ng4 27. Rf3 Re5 28. Qd2 Nh6 29. Nxh6+ Qxh6 30. Qxh6 gxh6 31. g4 Ng7 32. Rf6 Ne8 33. Rxh6 Kg7 34. Rh3 Nf6 35. Rc3 Rg5 36. h3 h5 37. Rf5 Rxf5 38. gxf5 Nd7 39. Rc7 Ne5 40. Bd1 h4 41. Bg4 Kf6 42. Rxb7 Rc8 43. Rb6 Kg5 44. Rxa6 Kf4 45. b4 Rc1+ 46. Kh2 Rc2+ 47. Kg1 Rc1+ 48. Kh2 Rc2+ 49. Kg1 Rb2 50. Rxd6 Rxb4 51. Ra6 Rb1+ 52. Kh2 Rb2+ 53. Kg1 Rb1+ 54. Kh2 Rb2+ 55. Kg1 1/2-1/2

[Event "EU-ch 2nd"]
[Site "Ohrid"]
[Date "2001.06.14"]
[Round "13"]
[White "Sokolov, Andrei"]
[Black "Tregubov, Pavel V"]
[Result "1/2-1/2"]
[WhiteElo "2568"]
[BlackElo "2628"]
[PlyCount "64"]
[EventDate "2001.06.01"]
[Source "ChessBase"]
[SourceDate "2001.09.13"]

1. e4 c5 2. Nf3 Nc6 3. d4 cxd4 4. Nxd4 e5 5. Nb5 d6 6. c4 Be7 7. b3 f5 8. exf5 Bxf5 9. Bd3 Be6 10. O-O Nf6 11. Nd2 d5 12. cxd5 Bxd5 13. Nc4 O-O 14. Bg5 Kh8 15. Ne3 Bg8 16. Bc4 Nd4 17. Bxg8 Nxg8 18. Bxe7 Nxe7 19. Nxd4 exd4 20. Nc4 Ng6 21. Qg4 Qd5 22. Rad1 Rad8 23. Nb2 Ne5 24. Qg3 Rf5 25. f4 Nc6 26. Nd3 Re8 27. Rfe1 Rff8 28. Rxe8 Rxe8 29. Re1 Re4 30. Rxe4 Qxe4 31. Kf2 h6 32. Qf3 Qe7 1/2-1/2

[Event "EU-ch 2nd"]
[Site "Ohrid"]
[Date "2001.06.10"]
[Round "9"]
[White "Luther, Thomas"]
[Black "Tregubov, Pavel V"]
[Result "1-0"]
[WhiteElo "2568"]
[BlackElo "2628"]
[PlyCount "95"]
[EventDate "2001.06.01"]
[Source "ChessBase"]
[SourceDate "2001.09.13"]

1. e4 c5 2. Nf3 Nc6 3. d4 cxd4 4. Nxd4 e5 5. Nb5 d6 6. c4 Be7 7. Bd3 a6 8. N5c3 Bg5 9. Nd2 Nf6 10. O-O O-O 11. b3 Nd4 12. Bb2 Bg4 13. f3 Bd7 14. Kh1 b5 15. Ne2 Ne6 16. b4 Qb6 17. cxb5 axb5 18. Nb1 Rfd8 19. Nbc3 Bc6 20. Nd5 Nxd5 21. exd5 Bxd5 22. Bxh7+ Kxh7 23. Qxd5 Kg8 24. Nc3 Nc7 25. Qe4 Bd2 26. Nd5 Nxd5 27. Qxd5 Bxb4 28. f4 Qc5 29. Qf3 d5 30. fxe5 Qe7 31. Qg4 Ba3 32. e6 Bxb2 33. exf7+ Kf8 34. Rae1 Qd6 35. Re6 Qc5 36. Re8+ Rxe8 37. fxe8=Q+ Kxe8 38. Qe6+ Kd8 39. Qg8+ Kc7 40. Qxa8 Bf6 41. Qa5+ Kc6 42. Qa6+ Kc7 43. Qa5+ Qb6 44. Rc1+ Kb7 45. Qb4 d4 46. a4 bxa4 47. Qxa4 Be5 48. Qc2 1-0

[Event "Kemerovo1"]
[Site "Kemerovo"]
[Date "1995.??.??"]
[Round "9"]
[White "Dolmatov, Sergey"]
[Black "Sveshnikov, Evgeny"]
[Result "1/2-1/2"]
[WhiteElo "2615"]
[BlackElo "2580"]
[PlyCount "45"]
[EventDate "1995.08.??"]
[Source "ChessBase"]

1. e4 c5 2. Nf3 Nc6 3. d4 cxd4 4. Nxd4 e5 5. Nb5 d6 6. c4 Be7 7. N1c3 a6 8. Na3 Be6 9. Nc2 Bg5 10. Bd3 h6 11. O-O Nf6 12. b3 Bxc1 13. Rxc1 O-O 14. Qd2 Nh5 15. Nd5 Ne7 16. Nce3 Bxd5 17. cxd5 Nf4 18. Rc2 Rc8 19. Rxc8 Qxc8 20. Rc1 Qd7 21. Bf1 f5 22. f3 fxe4 23. fxe4 1/2-1/2

[Event "Olimpiadi 2008 - open"]
[Site "Dresda GER"]
[Date "2008.11.19"]
[Round "6"]
[White "Polgar, Ju"]
[Black "Escobar Forero, A."]
[Result "0-1"]
[WhiteElo "2711"]
[BlackElo "2482"]
[PlyCount "131"]
[EventDate "2008.11.13"]
[Source "www.chesslib.no"]
[SourceDate "2004.05.04"]

1. e4 c5 2. Nf3 Nc6 3. d4 cxd4 4. Nxd4 e5 5. Nb5 d6 6. c4 Be7 7. N1c3 a6 8. Na3 f5 9. exf5 Bxf5 10. Nc2 Nf6 11. Ne3 Be6 12. Bd3 Qd7 13. Ned5 Bd8 14. O-O O-O 15. Be3 Nd4 16. Nxf6+ Bxf6 17. Rc1 Nf5 18. Bxf5 Bxf5 19. f3 b5 20. Nd5 bxc4 21. Nb6 Qe6 22. Nxa8 Rxa8 23. b3 Bd3 24. Re1 d5 25. Qd2 h6 26. bxc4 dxc4 27. Qf2 Rb8 28. Bd4 Qd6 29. Bc3 Rb5 30. Kh1 Kh7 31. g3 Bd8 32. a4 Rd5 33. Qb2 Bg5 34. Rcd1 Bf6 35. Kg1 Qc6 36. a5 Rb5 37. Qf2 Qd6 38. Qe3 Rd5 39. Qb6 Qa3 40. Qb4 Qxb4 41. Bxb4 Bd8 42. Bc3 Bc7 43. Re2 Kg6 44. Kg2 Kf5 45. Ra2 Rb5 46. Rb2 Rxb2+ 47. Bxb2 Bxa5 48. Ra1 Bd2 49. g4+ Kf4 50. Rxa6 e4 51. Bxg7 exf3+ 52. Kh3 Be1 53. Rf6+ Ke3 54. Bxh6+ Ke2 55. g5 f2 56. Kg4 c3 57. h4 Bd2 58. Bf8 f1=Q 59. Rxf1 Kxf1 60. Ba3 Kg2 61. h5 c2 62. g6 Bh6 63. g7 Bh7 64. g8=Q Bxg8 65. Kf5 Bf7 66. Ke5 0-1

[Event "SUI-chT"]
[Site "?"]
[Date "1997.??.??"]
[Round "?"]
[White "Sokolov Andrei"]
[Black "Milov Vadim"]
[Result "1/2-1/2"]
[WhiteElo "2580"]
[BlackElo "2610"]
[PlyCount "235"]
[EventDate "1997.??.??"]
[Source "www.chesslib.no"]
[SourceDate "2004.05.04"]

1. e4 c5 2. Nf3 Nc6 3. d4 cxd4 4. Nxd4 e5 5. Nb5 d6 6. c4 Be7 7. N1c3 a6 8. Na3 Be6 9. Bd3 Nf6 10. Nc2 O-O 11. O-O Rc8 12. b4 Nd7 13. Nd5 Bg5 14. a3 Bxc1 15. Rxc1 Qg5 16. Nce3 Nd4 17. Kh1 Kh8 18. Bb1 b5 19. cxb5 axb5 20. Bd3 Nf6 21. Rxc8 Rxc8 22. a4 bxa4 23. Qxa4 h5 24. b5 Ng4 25. Nxg4 hxg4 26. b6 g6 27. b7 Rb8 28. Qa7 Qd8 29. Rb1 Bd7 30. Qb6 Qxb6 31. Rxb6 Ne6 32. Nb4 Nc5 33. Ba6 Kg7 34. f3 gxf3 35. gxf3 Kf8 36. Rxd6 Nxa6 37. Rxd7 Nxb4 38. Rc7 Kg7 39. Kg2 Kf6 40. h4 Nd3 41. Kg3 Nf4 42. Kg4 Rd8 43. Rc6+ Kg7 44. Rc5 f6 45. h5 Rb8 46. Rc7+ Kh6 47. hxg6 Kxg6 48. Re7 Ne2 49. Rd7 Nf4 50. Re7 Ng2 51. Kg3 Ne3 52. f4 Nc4 53. f5+ Kh6 54. Rf7 Nd2 55. Rxf6+ Kh5 56. Re6 Nxe4+ 57. Kg2 Rg8+ 58. Rg6 Rb8 59. Re6 Rxb7 60. Rxe5 Ng5 61. Kf2 Kg4 62. Ke2 Kf4 63. Ra5 Rd7 64. f6 Ne4 65. Ra4 Kf5 66. Ke3 Nxf6 67. Ra5+ Ke6 68. Rg5 Rh7 69. Ra5 Nd5+ 70. Kd4 Rh4+ 71. Kc5 Ne3 72. Ra2 Rc4+ 73. Kb5 Rc3 74. Rd2 Ke5 75. Rd8 Nf5 76. Kb4 Rc7 77. Rh8 Kd5 78. Rh5 Rc4+ 79. Kb3 Rf4 80. Kc3 Rf3+ 81. Kb4 Kd4 82. Kb5 Rf4 83. Kc6 Ne3 84. Rh1 Rf6+ 85. Kb5 Rf5+ 86. Kc6 Rc5+ 87. Kd6 Nc4+ 88. Kd7 Re5 89. Rd1+ Kc5 90. Rc1 Re2 91. Rc3 Re1 92. Kd8 Kd4 93. Rh3 Kd5 94. Kd7 Nb6+ 95. Kc7 Kc5 96. Rc3+ Nc4 97. Kd7 Re4 98. Rc1 Re3 99. Rh1 Nb6+ 100. Kd8 Re6 101. Ra1 Kc6 102. Rc1+ Kd6 103. Rd1+ Nd5 104. Ra1 Nb4 105. Rd1+ Nd5 106. Ra1 Re4 107. Ra6+ Kc5 108. Ra1 Kc6 109. Rh1 Re5 110. Rh6+ Kc5 111. Rh1 Rf5 112. Ke8 Kd6 113. Rh4 Ke5 114. Rh1 Rg5 115. Kd7 Rg6 116. Ra1 Kd4 117. Rd1+ Kc5 118. Rc1+ 1/2-1/2

[Event "TCh-FRA, Mulhouse FRA"]
[Site "?"]
[Date "2001.??.??"]
[Round "6"]
[White "Sokolov, And"]
[Black "Tregubov, P."]
[Result "1/2-1/2"]
[WhiteElo "2565"]
[BlackElo "2625"]
[PlyCount "54"]
[EventDate "2001.??.??"]
[Source "www.chesslib.no"]
[SourceDate "2004.05.04"]

1. e4 c5 2. Nf3 Nc6 3. d4 cxd4 4. Nxd4 e5 5. Nb5 d6 6. c4 Be7 7. Bd3 a6 8. N5c3 Bg5 9. Nd2 Nf6 10. Nf1 Bxc1 11. Rxc1 O-O 12. Ne3 Nd4 13. O-O b5 14. cxb5 axb5 15. Nxb5 Nxb5 16. Bxb5 Rxa2 17. Qb3 Be6 18. Bc4 Bxc4 19. Rxc4 Ra6 20. Rb4 Qa8 21. Qd3 g6 22. h3 Rd8 23. Kh2 d5 24. exd5 Nxd5 25. Nxd5 Rxd5 26. Qb3 Rd8 27. Rd1 Rxd1 1/2-1/2

[Event "Open"]
[Site "Geneve"]
[Date "2004.01.28"]
[Round "5"]
[White "Dvoirys, Semen I"]
[Black "Moiseenko, Alexander"]
[Result "0-1"]
[WhiteElo "2569"]
[BlackElo "2618"]
[PlyCount "74"]
[EventDate "2004.??.??"]
[Source "Roberto Alvarez"]
[SourceDate "2004.02.23"]

1. e4 c5 2. Nf3 Nc6 3. d4 cxd4 4. Nxd4 e5 5. Nb5 d6 6. c4 Be7 7. N1c3 a6 8. Na3 Be6 9. Nc2 Bg5 10. Bxg5 Qxg5 11. Nd5 Rd8 12. g3 Nf6 13. Bg2 O-O 14. O-O Bxd5 15. cxd5 Ne7 16. Ne3 Nd7 17. Nc4 Qg6 18. Rc1 f5 19. exf5 Nxf5 20. Na5 b6 21. Nc6 Rde8 22. b4 Nf6 23. Rc2 h5 24. Re2 h4 25. Ree1 b5 26. Bh3 Kh8 27. Kh1 e4 28. a3 e3 29. Bxf5 Qxf5 30. fxe3 Qh3 31. gxh4 Ng4 32. Qe2 Qxh4 33. Kg1 Rxf1+ 34. Rxf1 Nxe3 35. Rf5 Kg8 36. Rf3 Qg4+ 37. Kh1 Qe4 0-1

[Event "New York"]
[Site "?"]
[Date "1997.??.??"]
[Round "?"]
[White "Bologan, V."]
[Black "Milov, V."]
[Result "1-0"]
[WhiteElo "2575"]
[BlackElo "2610"]
[PlyCount "69"]
[EventDate "1997.??.??"]
[Source "ChessBase"]
[SourceDate "1997.02.01"]

1. e4 c5 2. Nf3 Nc6 3. d4 cxd4 4. Nxd4 e5 5. Nb5 d6 6. N1c3 a6 7. Na3 b5 8. Nd5 Nce7 9. c4 Nxd5 10. exd5 bxc4 11. Nxc4 Nf6 12. Be3 Rb8 13. Be2 Be7 14. O-O O-O 15. a4 Qd7 16. Nb6 Qf5 17. Nxc8 Qxc8 18. Rc1 Qf5 19. b3 a5 20. h3 e4 21. Bc4 Nd7 22. Qg4 Qxg4 23. hxg4 Ne5 24. g5 f5 25. gxf6 Bxf6 26. Bb5 Rb7 27. Bd2 Ng4 28. Rc4 Re7 29. Bxa5 Be5 30. g3 Ref7 31. Rxe4 Nxf2 32. Rxe5 dxe5 33. d6 Nh3+ 34. Kg2 Rxf1 35. Bxf1 1-0

[Event "ROM-chT"]
[Site "?"]
[Date "1998.??.??"]
[Round "4"]
[White "Bologan Viktor"]
[Black "Fedorov Alexei"]
[Result "1/2-1/2"]
[WhiteElo "2585"]
[BlackElo "2600"]
[PlyCount "26"]
[EventDate "1998.??.??"]
[Source "www.chesslib.no"]
[SourceDate "2004.05.04"]

1. e4 c5 2. Nf3 Nc6 3. d4 cxd4 4. Nxd4 e5 5. Nb5 d6 6. a4 Be6 7. N1c3 a6 8. Na3 Rc8 9. Nc4 Nb4 10. Ne3 Nf6 11. Be2 d5 12. exd5 Nfxd5 13. Ncxd5 Nxd5 1/2-1/2

[Event "Linares (open) 85/130"]
[Site "?"]
[Date "2002.??.??"]
[Round "?"]
[White "Dominguez, L."]
[Black "Fedorov, Alex"]
[Result "1-0"]
[WhiteElo "2594"]
[BlackElo "2589"]
[PlyCount "87"]
[EventDate "2002.??.??"]
[Source "Chess Informant"]
[SourceDate "2002.06.01"]

1. e4 c5 2. Nf3 Nc6 3. d4 cxd4 4. Nxd4 e5 5. Nb5 d6 6. c4 Be7 7. N1c3 a6 8. Na3 f5 9. exf5 Bxf5 10. Be2 Nf6 11. O-O O-O 12. Nc2 Rc8 13. Be3 b5 14. Nd5 Bxc2 15. Nxf6+ Rxf6 16. Qxc2 Na5 17. b3 d5 18. Bg5 Rf7 19. Bxe7 Rxe7 20. Bg4 Rc6 21. c5 Rf6 22. Rad1 Nc6 23. Qd2 d4 24. f3 Qd5 25. b4 Qc4 26. a3 a5 27. Rc1 Qb3 28. bxa5 Qxa3 29. Ra1 Qc3 30. Qa2+ Qc4 31. a6 Rc7 32. Qd2 b4 33. Rfc1 Qb5 34. Qa2+ b3 35. Rcb1 Qxc5 36. Qxb3+ Kf8 37. Rc1 Qa7 38. Kh1 Rd6 39. Bf5 g6 40. Bd3 Kg7 41. Qb5 Rc8 42. Be4 Rb8 43. Qc5 Qxc5 44. Rxc5 1-0

[Event "USA-ch sf2"]
[Site "Chandler"]
[Date "1997.09.06"]
[Round "14"]
[White "Christiansen, Larry Mark"]
[Black "Seirawan, Yasser"]
[Result "1-0"]
[WhiteElo "2550"]
[BlackElo "2630"]
[PlyCount "73"]
[EventDate "1997.08.??"]
[Source "ChessBase"]
[SourceDate "1997.11.23"]

1. e4 c5 2. Nf3 Nc6 3. d4 cxd4 4. Nxd4 e5 5. Nb5 d6 6. N1c3 a6 7. Na3 b5 8. Nd5 Be7 9. c4 b4 10. Nc2 a5 11. Be3 Rb8 12. Be2 Nf6 13. Nxf6+ Bxf6 14. O-O O-O 15. b3 Be6 16. Qd2 Qc7 17. Rfd1 Rfd8 18. h3 g6 19. Bg5 Bxg5 20. Qxg5 Kg7 21. Rd2 a4 22. Rad1 Ra8 23. Bg4 f6 24. Qe3 Bxg4 25. hxg4 Qe7 26. Qb6 axb3 27. axb3 Rac8 28. Nxb4 Nd4 29. Rxd4 exd4 30. Nc6 Rxc6 31. Qxc6 d5 32. Rxd4 dxe4 33. Rxd8 Qxd8 34. Qxe4 Qd1+ 35. Kh2 Qxb3 36. Qe7+ Kh6 37. Qe3+ 1-0

[Event "RUS-ch"]
[Site "Elista"]
[Date "1996.??.??"]
[Round "4"]
[White "Rublevsky, Sergei"]
[Black "Sveshnikov, Evgeny"]
[Result "1/2-1/2"]
[WhiteElo "2645"]
[BlackElo "2535"]
[PlyCount "73"]
[EventDate "1996.10.15"]
[Source "ChessBase"]

1. e4 c5 2. Nf3 Nc6 3. d4 cxd4 4. Nxd4 e5 5. Nb5 d6 6. a4 Be7 7. N1c3 a6 8. Na3 Be6 9. Bc4 Nf6 10. O-O O-O 11. Bg5 Nxe4 12. Nxe4 Bxc4 13. Bxe7 Nxe7 14. Nxc4 d5 15. Qh5 dxc4 16. Qxe5 Ng6 17. Qf5 Qb6 18. a5 Qc6 19. f3 b6 20. Rfd1 bxa5 21. Qxa5 Rab8 22. Rd6 Qb5 23. Qxb5 Rxb5 24. Ra2 a5 25. Ra6 Rfb8 26. R2xa5 Rxa5 27. Rxa5 f5 28. Nd6 Rxb2 29. Ra8+ Nf8 30. c3 Rc2 31. Nb5 Kf7 32. Ra7+ Kf6 33. Rc7 Ne6 34. Rc6 Rc1+ 35. Kf2 Ke5 36. Na3 Rxc3 37. Nxc4+ 1/2-1/2

[Event "TCh-CZE Extraliga 2003-4"]
[Site "Czech Rep"]
[Date "2004.02.08"]
[Round "7"]
[White "Macieja, Bartlomiej"]
[Black "Voloshin, Leonid"]
[Result "1/2-1/2"]
[WhiteElo "2653"]
[BlackElo "2522"]
[PlyCount "169"]
[EventDate "2004.01.08"]
[Source "Roberto Alvarez"]
[SourceDate "2004.04.05"]

1. e4 c5 2. Nf3 Nc6 3. d4 cxd4 4. Nxd4 e5 5. Nb5 d6 6. c4 Be7 7. Bd3 a6 8. N5c3 Bg5 9. Nd2 Nf6 10. h3 Nd7 11. O-O Nc5 12. Be2 O-O 13. b3 Bh6 14. Bb2 Bxh3 15. Nf3 Bg4 16. Nh2 Be6 17. Bg4 g6 18. Re1 Bg7 19. Rc1 h5 20. Be2 Nd4 21. Nf3 Nxe2+ 22. Qxe2 Bh6 23. Rcd1 Bg4 24. Ba3 Rc8 25. Bxc5 Rxc5 26. Qd3 Qf6 27. Qxd6 Qxd6 28. Rxd6 b5 29. Rxa6 Bxf3 30. gxf3 Bd2 31. Na4 bxa4 32. Rd1 axb3 33. Rxd2 bxa2 34. Rc2 Rfc8 35. Raxa2 Rxc4 36. Rxc4 Rxc4 37. Ra5 f6 38. Ra7 Rc8 39. Kg2 Rf8 40. Kg3 g5 41. Rd7 Rf7 42. Rd3 Kg7 43. Kg2 Rc7 44. Ra3 Kg6 45. Ra8 Rc3 46. Rg8+ Kh7 47. Ra8 g4 48. fxg4 hxg4 49. Rf8 Kg7 50. Ra8 Rf3 51. Ra1 Kg6 52. Rb1 Kg5 53. Ra1 Rf4 54. Re1 Rf3 55. Ra1 Kf4 56. Ra4 Rc3 57. Ra6 Kg5 58. Ra2 Rc4 59. f3 Kf4 60. fxg4 Kxe4 61. Ra6 Kd3 62. Kg3 e4 63. Rxf6 Rc1 64. Rd6+ Ke3 65. g5 Rg1+ 66. Kh4 Kf4 67. Rf6+ Ke5 68. Rf8 e3 69. Re8+ Kf4 70. Rf8+ Ke4 71. Re8+ Kf3 72. Rf8+ Ke2 73. Re8 Kd2 74. Rd8+ Ke1 75. Kh5 e2 76. Re8 Kf2 77. g6 Rg3 78. Rxe2+ Kxe2 79. Kh6 Rh3+ 80. Kg5 Rh8 81. g7 Ra8 82. Kg6 Kf3 83. Kh7 Kf4 84. g8=Q Rxg8 85. Kxg8 1/2-1/2

[Event "Europa ch 2008"]
[Site "Plovdiv BUL"]
[Date "2008.04.25"]
[Round "5.43"]
[White "Zhigalko, Andrey"]
[Black "Solak, Dragan"]
[Result "1/2-1/2"]
[WhiteElo "2545"]
[BlackElo "2630"]
[PlyCount "71"]
[EventDate "2008.04.21"]
[Source "www.chesslib.no"]
[SourceDate "2004.05.04"]

1. e4 c5 2. Nf3 Nc6 3. d4 cxd4 4. Nxd4 e5 5. Nb5 d6 6. a4 Be6 7. N1c3 a6 8. Na3 Be7 9. Bc4 Nf6 10. O-O O-O 11. Bg5 Rc8 12. Bxf6 Bxf6 13. Nd5 Bg5 14. c3 Kh8 15. Qe2 Ne7 16. Rfd1 Ng6 17. g3 Qe8 18. h4 Bd8 19. Ne3 Bb6 20. h5 Bxe3 21. fxe3 Qxa4 22. b3 Bxc4 23. Nxc4 Qxb3 24. Nxd6 Rxc3 25. hxg6 Rxe3 26. Nxf7+ Kg8 27. gxh7+ Kxh7 28. Qh5+ Kg8 29. Nh6+ gxh6 30. Qg6+ Kh8 31. Qxh6+ Kg8 32. Qg5+ Kh8 33. Qxe5+ Kg8 34. Qg5+ Kh8 35. Qh6+ Kg8 36. Qg6+ 1/2-1/2

[Event "Campionato europeo 2007"]
[Site "Dresda GER"]
[Date "2007.04.08"]
[Round "6"]
[White "Baramidze, David"]
[Black "Moiseenko, Alexander"]
[Result "0-1"]
[WhiteElo "2543"]
[BlackElo "2630"]
[PlyCount "110"]
[EventDate "2007.04.03"]
[Source "www.chesslib.no"]
[SourceDate "2004.05.04"]

1. e4 c5 2. Nf3 Nc6 3. d4 cxd4 4. Nxd4 e5 5. Nb5 d6 6. N1c3 a6 7. Na3 Be7 8. Nc4 b5 9. Ne3 Nf6 10. g3 O-O 11. Bg2 b4 12. Ncd5 Nxd5 13. Nxd5 Bg5 14. Bxg5 Qxg5 15. Qd2 Qxd2+ 16. Kxd2 Be6 17. a3 b3 18. c3 Bxd5 19. exd5 Na5 20. Rae1 Nc4+ 21. Kc1 f5 22. f4 e4 23. Bf1 Nb6 24. Rd1 Na4 25. Be2 Kf7 26. Rd4 Nc5 27. Kd2 Kf6 28. Ke3 a5 29. Bb5 h6 30. Rd2 g5 31. Rf2 gxf4+ 32. Kxf4 Rg8 33. Rhf1 Raf8 34. Ke3 Ke5 35. Rf4 Rf6 36. R1f2 Rg5 37. Bc4 h5 38. Kd2 Rf8 39. Ke3 a4 40. Rd2 Nd7 41. Be2 Nb6 42. c4 Rc8 43. Rd4 Rg7 44. Rh4 Rg5 45. Bf1 Nd7 46. Be2 Nf6 47. Rd1 Rg4 48. Rh3 h4 49. Kd2 hxg3 50. Bxg4 Nxg4 51. Rxg3 Rxc4 52. Rc3 Rxc3 53. Kxc3 Nxh2 54. Kb4 e3 55. Kxa4 Nf3 0-1